000 00505nam a2200217Ia 4500
003 OSt
005 20221005125345.0
006 a|||||r|||| 00| 0
007 ta
008 221004b |||||||| |||| 00| 0 eng d
024 _a120603
037 _cTextual
040 _aCRL
_cCRL
_beng
041 _2eng
_aeng
100 _aKrishna Bhoopala
_9636562
245 0 _aParvati Bhaktisara
260 _c1951
650 _aSANSKRIT
942 _cTEXL
_2cc
999 _c1053780
_d1053780